[Event "Schleswig Holstein-ch U18 MT"]
[Site "Neumuenster"]
[Date "2008.03.29"]
[Round "8"]
[White "Student, Martin"]
[Black "Arps, Jan Philipp"]
[Result "0-1"]
[WhiteElo "1680"]
[BlackElo "2027"]
[PlyCount "48"]
[EventDate "2008.03.24"]
[EventType "tourn"]
[EventRounds "9"]
[EventCountry "GER"]
[SourceTitle "EXT 2009"]
[Source "ChessBase"]
[SourceDate "2008.11.26"]
[SourceVersion "1"]
[SourceVersionDate "2008.11.26"]
[SourceQuality "1"]

1. e4 c5 2. Nc3 Nc6 3. g3 g6 4. Bg2 Bg7 5. d3 e6 6. f4 d6 7. Nf3 Nge7 8. 0-0 0-0 9. Be3 Nd4 10. e5 dxe5 11. Nxe5 Rb8 12. Ne2 Nef5 13. Bf2 Qc7 14. c3 Nxe2+ 15. Qxe2 Rd8 16. g4 Ne7 17. h3 f6 18. Nc4 b5 19. Nd2 Nd5 20. Bg3 f5 21. Nf3 Nxf4 22. Qd2 e5 23. Rae1 Nxd3 24. Rd1 f4 0-1

[Event "Schleswig Holstein-ch U18 MT"]
[Site "Neumuenster"]
[Date "2008.03.25"]
[Round "2"]
[White "Arps, Jan Philipp"]
[Black "Lohrie, Matthias"]
[Result "1-0"]
[WhiteElo "2027"]
[BlackElo "1769"]
[PlyCount "93"]
[EventDate "2008.03.24"]
[EventType "tourn"]
[EventRounds "9"]
[EventCountry "GER"]
[SourceTitle "EXT 2009"]
[Source "ChessBase"]
[SourceDate "2008.11.26"]
[SourceVersion "1"]
[SourceVersionDate "2008.11.26"]
[SourceQuality "1"]

1. e4 e5 2. Nf3 Nc6 3. d4 exd4 4. Bc4 Nf6 5. e5 d5 6. Bb5 Ne4 7. Nxd4 Bd7 8. Bxc6 bxc6 9. 0-0 Be7 10. Nd2 Nxd2 11. Bxd2 0-0 12. f4 c5 13. Nf3 Rb8 14. Re1 c6 15. Rb1 Qc7 16. h3 Rbe8 17. g4 f5 18. g5 Be6 19. h4 Rb8 20. Re2 g6 21. Rh2 Kf7 22. Qe1 Qb7 23. b3 Qa6 24. a4 Rg8 25. h5 Rh8 26. Qg3 Rbg8 27. Kf2 Qb7 28. Rbh1 Qb8 29. Rh4 Qf8 30. Qh2 h6 31. hxg6+ Rxg6 32. Rxh6 Rhxh6 33. gxh6 Qh8 34. h7 Rg7 35. Qh5+ Kf8 36. Qh6 Kf7 37. Ng5+ Bxg5 38. fxg5 Rg6 39. Qh5 Kg7 40. Qe2 Bc8 41. Bf4 Kf7 42. Qh5 Kg7 43. Rh2 Be6 44. Qf3 Kf7 45. Qh1 Rg7 46. Rh6 Bd7 47. e6+ 1-0

[Event "Bargteheide op"]
[Site "Bargteheide"]
[Date "2007.05.17"]
[Round "1"]
[White "Stanke, Juergen"]
[Black "Arps, Jan Philipp"]
[Result "1-0"]
[WhiteElo "2323"]
[BlackElo "2037"]
[PlyCount "86"]
[EventDate "2007.05.17"]
[EventType "swiss"]
[EventRounds "7"]
[EventCountry "GER"]
[SourceTitle "EXT 2010"]
[Source "ChessBase"]
[SourceDate "2010.11.25"]
[SourceVersion "1"]
[SourceVersionDate "2010.11.25"]
[SourceQuality "1"]

1. c4 e5 2. Nc3 Nf6 3. Nf3 Nc6 4. d3 d5 5. cxd5 Nxd5 6. e3 Be7 7. Be2 Be6 8. 0-0 Nb6 9. a3 0-0 10. b4 a6 11. Bb2 Rc8 12. Qc2 Re8 13. Rfd1 Bf5 14. Ne4 Bf8 15. Rac1 Nd5 16. Qb1 f6 17. Nc5 Bxc5 18. Rxc5 Bg6 19. Ba1 Nce7 20. Nh4 b6 21. Rcc1 c5 22. Bg4 Rc7 23. Nxg6 hxg6 24. e4 Nf4 25. g3 Nh5 26. bxc5 bxc5 27. Qa2+ Kh7 28. Bc3 Qd6 29. Rb1 f5 30. Bxh5 gxh5 31. Qf7 Qg6 32. Qxg6+ Kxg6 33. Bxe5 Rc6 34. Rb7 Re6 35. f4 Rd8 36. exf5+ Nxf5 37. Kf2 Rd5 38. h3 Ne7 39. g4 hxg4 40. hxg4 Kf7 41. g5 Kg6 42. Ke2 Kf5 43. Rg1 Ng6 1-0

[Event "Schleswig Holstein-ch U16 MT"]
[Site "Neumuenster"]
[Date "2005.03.25"]
[Round "9"]
[White "Arps, Jan Philipp"]
[Black "Koelsch, Maximilian"]
[Result "1/2-1/2"]
[WhiteElo "1540"]
[BlackElo "2083"]
[PlyCount "41"]
[EventDate "2005.03.19"]
[EventType "tourn"]
[EventRounds "9"]
[EventCountry "GER"]
[SourceTitle "EXT 2007"]
[Source "ChessBase"]
[SourceDate "2006.11.23"]
[SourceVersion "1"]
[SourceVersionDate "2006.11.23"]
[SourceQuality "1"]

1. e4 c5 2. f4 e6 3. Nf3 a6 4. a4 Nc6 5. c3 d5 6. e5 d4 7. Bd3 Nge7 8. cxd4 cxd4 9. Be4 Nd5 10. Bxd5 Qxd5 11. d3 f5 12. Nbd2 Bb4 13. 0-0 Rb8 14. Qb3 Qxb3 15. Nxb3 0-0 16. Nbxd4 Bc5 17. Be3 Bxd4 18. Nxd4 Rd8 19. Nxc6 bxc6 20. d4 Rb3 21. Bf2 1/2-1/2

[Event "Schleswig Holstein-ch U16 MT"]
[Site "Neumuenster"]
[Date "2005.03.23"]
[Round "7"]
[White "Magnussen, Helge"]
[Black "Arps, Jan Philipp"]
[Result "1/2-1/2"]
[WhiteElo "1717"]
[BlackElo "1540"]
[PlyCount "33"]
[EventDate "2005.03.19"]
[EventType "tourn"]
[EventRounds "9"]
[EventCountry "GER"]
[SourceTitle "EXT 2007"]
[Source "ChessBase"]
[SourceDate "2006.11.23"]
[SourceVersion "1"]
[SourceVersionDate "2006.11.23"]
[SourceQuality "1"]

1. d4 d5 2. c4 c6 3. Nc3 e6 4. Nf3 dxc4 5. e4 b5 6. a4 Bb4 7. axb5 cxb5 8. Bd2 Bxc3 9. Bxc3 a5 10. b3 Bb7 11. Qb1 Nf6 12. bxc4 b4 13. e5 Bxf3 14. gxf3 bxc3 15. exf6 Qxd4 16. Qb5+ Qd7 17. fxg7 1/2-1/2